| 000 | 00592nam a22002057a 4500 | ||
|---|---|---|---|
| 999 |
_c12420 _d12420 |
||
| 003 | AR-CdUCM | ||
| 008 | 190408b ||||| |||| 00| 0 spa d | ||
| 040 |
_aMUNICIPALIDAD PROVINCIAL DEL CUSCO _cBIBLIOTECA MUNICIPAL DEL CUSCO |
||
| 082 |
_a838.91 / _bZ98 |
||
| 100 |
_aZweig, Stefan _910851 |
||
| 245 | _aAmok / | ||
| 260 |
_aBuenos Aires : _bTor. |
||
| 300 |
_a190 páginas ; _c18 cm. |
||
| 505 | _aContenido : Amok -- Narrativa ... | ||
| 650 |
_aLiteratura _983 |
||
| 650 |
_aArgentino _930272 |
||
| 650 |
_aLatinoamericana _95799 |
||
| 942 |
_2ddc _cLIBROS |
||
| 945 |
_arah _d08/04/2019 |
||